Normal view
MARC view
- Bull, Albert E
Entry Personal Name
001 - CONTROL NUMBER
- control field: 104142
003 - CONTROL NUMBER IDENTIFIER
- control field: NUST
005 - DATE AND TIME OF LATEST TRANSACTION
- control field: 20221205141438.0
008 - FIXED-LENGTH DATA ELEMENTS
- fixed length control field: 221205|| aca||aabn | a|a d
040 ## - CATALOGING SOURCE
- Original cataloging agency: NUST
- Transcribing agency: NUST
100 ## - HEADING--PERSONAL NAME
- Personal name: Bull, Albert E
670 ## - SOURCE DATA FOUND
- Source citation: Work cat.: (NUST)193654: Bull, Albert E. , Authorship and Journalism /, 1924
